Brie Larson Filmography - Statistics

General Stats
  • This quiz has been taken 110 times
    25 since last reset
  • The average score is 26 of 90
Answer Stats
Type Year Name % Correct
Film 2015 Room
92%
Film 2019 Avengers: Endgame
85%
Film 2019 Captain Marvel
85%
Film 2023 The Marvels
77%
TV Show 2016 Saturday Night Live
69%
Film 2021 Shang-Chi and the Legend of the Ten Rings
69%
Film 2010 Scott Pilgrim vs. the World
62%
Film 2017 Unicorn Store
62%
Web Mini-Series 2022 Ms. Marvel
54%
Film 2012 21 Jump Street
46%
Film 2019 Just Mercy
46%
Film 2017 Kong: Skull Island
46%
Web Mini-Series 2023 Lessons in Chemistry
46%
Film 2013 Short Term 12
46%
Film 2017 The Glass Castle
46%
Film 2018 Basmati Blues
38%
Film 2019 Between Two Ferns: The Movie
38%
Film 2023 Fast X
38%
Film 2006 Hoot
38%
Web Mini-Series 2023 Scott Pilgrim Takes Off
38%
Film 2004 13 Going on 30
31%
Web Series 2019 Carpool Karaoke
31%
TV Show 2013-2014 Community
31%
Film 2013 Don Jon
31%
Theater 2025 Elektra
31%
Music Video 2017 Family Feud
31%
Film 2016 Free Fire
31%
TV Show 1999 Popular
31%
TV Show 2001-2002 Raising Dad
31%
TV Film 2003 Right on Track
31%
TV Show 2019 Running Wild with Bear Grylls
31%
TV Show 2000 Then Came You
31%
Film 2013 The Spectacular Now
31%
TV Show 1998 To Have & to Hold
31%
TV Show 1999 Touched by an Angel
31%
Film 2015 Trainwreck
31%
Web Series 2020 Animal Talking with Gary Whitta
23%
Short Film 2022 Avengers: Quantum Encounter
23%
Short Film 2013 Bitter Orange
23%
Film TBA Close Personal Friends
23%
TV Show 2015 Comedy Bang! Bang!
23%
Film 2015 Digging for Fire
23%
Documentary 2019 Fantastic Fungi
23%
Film 2007 Farce of the Penguins
23%
TV Show 2008 Ghost Whisperer
23%
Film 2010 Greenberg
23%
Director 2022 Growing Up
23%
TV Show 2003 Hope & Faith
23%
Film 2009 House Broken
23%
TV Show 2023 HouseBroken
23%
Music Video 2014 Just One of the Guys
23%
TV Show 2013 Kroll Show
23%
Film 2005 Madison
23%
Music Video 2012 Never Enough
23%
Music Video 2015 No Cities to Love
23%
TV Show 2012 NTSF:SD:SUV::
23%
Theater 2010 Our Town
23%
Film 2011 Rampart
23%
Short Film 2022 Remembering
23%
Film 2007 Remember the Daze
23%
Film 2004 Sleepover
23%
Film 2009 Tanner Hall
23%
Director 2012 The Arm
23%
Short Film 2008 The Babysitter
23%
TV Show 2009 The Burg
23%
Film 2014 The Gambler
23%
TV Show 2011 The League
23%
Film 2012 The Trouble with Bliss
23%
TV Show 2009-2011 United States of Tara
23%
Short Film 2013 Weighting
23%
TV Show 2025 Cry Wolf
15%
TV Show 2001 Hollywood Squares
15%
Commercial 2020-Present Nissan
15%
Short Film 2019 The Debriefing
15%
Short Film 2021 The Dew Project
15%
Documentary Series 2016 20/20
8%
TV Show 2005 All That
8%
TV Short 2012 Entry Level
8%
Documentary Series 2022 Jay Leno's Garage
8%
TV Special 2020 Kid of the Year
8%
Director TBA Lady Business
8%
Documentary Series 2023 MPower
8%
TV Show 2005 Pet Star
8%
TV Show 2025 Saturday Kitchen
8%
TV Film 2000 Schimmel
8%
Short Film 2011 Smorgasbord
8%
Short Film 2020 So, I Made a Decision...
8%
Documentary Series 2018 Space Explorers
8%
Short Film 2017 Why You've Never Met the 4th Haim Sister
8%
TV Show 2021 WWE NXT
8%
No matching quizzes found
Score Distribution
Percent of People with Each Score
Percentile by Number Answered
Your Score History
You have not taken this quiz since the last reset